• 首页
  • 本馆介绍
  • 公告通知
  • 最新文献
  • 馆藏检索
  • 电子资源
  • 读者导购
  • 参考咨询
  • 我的图书馆
  • 登录
  • 详细信息显示
  • 放入我的书架
  • 预约/预借图书
  • 作者相关作品
  • 分类相关作品
  • 丛书相关作品
  • 出版社相关作品

书目信息

  • 表格格式
  • 工作单格式
  • 卡片格式
题名:
工程力学
    
 
作者: 佘建初 , 王茵 主编
分册:  
出版信息: 北京   科学出版社  2007
页数: 240页
开本: 26cm
丛书名:
单 册:
中图分类: TB12
科图分类:
主题词: 工程力学--高等学校--教材
电子资源:
ISBN: 978-7-03-018231-9
000 01029nam0 2200289 450
001 012004114727
005 20070805111056.03
009 012004114727
010    @a978-7-03-018231-9@dCNY22.80
035    @a(110017)062007007067
100    @a20070302d2007 em y0chiy0110 ea
101 0  @achi
102    @aCN@b110000
105    @aa z 000yy
106    @ar
200 1  @a工程力学@Agong cheng li xue@f佘建初, 王茵主编@Fshe jian chu , wang yin zhu bian
205    @a2版
210    @a北京@c科学出版社@d2007
215    @a240页@c图@d26cm
300    @a21世纪高等院校创新教材
330    @a本书共16章和1个附录,主要内容包括静力学和材料力学的基本概念和公理、简单力系、平面任意力系、空间力系、轴向拉伸与压缩、扭转、弯曲内力、弯曲应力、弯曲变形、能量法、应力状态与强度理论、组合变形、动载荷及交变应力、压杆稳定以及截面的几何性质。
606 0  @a工程力学@x高等学校@j教材
690    @aTB12@v4
701  0 @a佘建初@Ashe jian chu@4主编
701  0 @a王茵@Awang yin@4主编
801  0 @aCN@b110017@c20070805
905    @dTB12@e143=2@f5
    
    工程力学/佘建初, 王茵主编.-2版.-北京:科学出版社,2007
    240页:图;26cm
    21世纪高等院校创新教材
    
    ISBN 978-7-03-018231-9:CNY22.80
    本书共16章和1个附录,主要内容包括静力学和材料力学的基本概念和公理、简单力系、平面任意力系、空间力系、轴向拉伸与压缩、扭转、弯曲内力、弯曲应力、弯曲变形、能量法、应力状态与强度理论、组合变形、动载荷及交变应力、压杆稳定以及截面的几何性质。
●
相关链接 在E读中查询图书 在五车中查询图书 在当当中查询图书 在豆瓣中查询图书


正题名:工程力学     索取号:TB12/143=2         预约/预借

序号 登录号 条形码 馆藏地/架位号 状态 备注
1 0851383   208513839   第二样本阅览室/ [索取号:TB12/143=2] 在馆    
2 0851384   208513848   第三借阅区/ [索取号:TB12/143=2] 在馆    
3 0851385   208513857   第三借阅区/ [索取号:TB12/143=2] 在馆    
4 0851386   208513866   第三借阅区/ [索取号:TB12/143=2] 在馆    
5 0851387   208513875   第三借阅区/ [索取号:TB12/143=2] 在馆    
唐山师范学院图书馆 欢迎您!
大连网信软件有限公司© 版权所有